| 000 | 02563nam0a2200349 4500 | ||
|---|---|---|---|
| 001 | v19\rc\1610298 | ||
| 005 | 20260407175755.0 | ||
| 035 | _a(NLR Aleph) 004730828 | ||
| 090 |
_a4443397 _c4443397 |
||
| 100 | _a20061002d1897 |||y0rusy50 ca | ||
| 101 | 0 | _arus | |
| 102 | _aRU | ||
| 105 | _ay z ||||| | ||
| 200 | 1 |
_aЖурнал Комиссии по рассмотрению ходатайства Первого Общества подъездных железных путей в России о предоставлении ему постройки и эксплоатации подъездного узкоколейного пути от ст. "Бердичев" Бердичев-Житомирского пути названного Общества до м. "Янов" Винницкого уезда Подольской губ. с ветвями от ст. "Янов" проектируемого пути: 1) к Войтовецкому свеклосахарному заводу и 2) к ст. "Калиновка" Юго-Западных железных дорог _eзаседание 25 апреля 1897 г. |
|
| 210 |
_a[Санкт-Петербург _cТипо-литография А. Рабиновича и Ц. Крайза _d1897] |
||
| 215 |
_a8 с. _d36 |
||
| 309 | _aБез тит. л. и обл. | ||
| 601 | 0 | 2 |
_aОбщество подъездных железных путей в России _c1; Санкт-Петербург, город _92435240 _3RU\NLR\AUTH\6601667240 |
| 606 | 1 |
_aЖелезные дороги _jДокументы и материалы _xИстория _yРоссия _91751712 _3RU\NLR\AUTH\661080359 |
|
| 686 | 3 | _aУ31(28)537.2 | |
| 686 | 3 | _aУ37(28)2,011 | |
| 710 | 0 | 1 |
_aРоссия _bМинистерство путей сообщения _bКомиссия по рассмотрению ходатайства Первого общества подъездных железных путей в России _3RU\NLR\AUTH\889944849 _9384977 |
| 712 | 0 | 2 |
_aОбщество подъездных железных путей в России _c1; Петербург _3RU\NLR\AUTH\889980676 _9457613 |
| 712 | 0 | 2 |
_aВойтовецкий сахароваренный з-д _cПодол. губ. |
| 712 | 0 | 2 |
_aЮго-Западные железные дороги _cдо 1917 г. _3RU\NLR\AUTH\8810113829 _9727100 |
| 801 | 0 |
_aRU _bNLR _gpsbo |
|
| 801 | 0 |
_aRU _bRuMoRGB _2psbo |
|
| 801 | 1 |
_aRU _bProSoft-M _2rusmarc |
|
| 852 |
_aNLR _j18.271.1.55 |
||
| 942 | _cBOOK | ||
| 980 | _aNB | ||